000 00978nam2a22002411 4500
001 RU\NLR\INFOCOMM\1000071214
005 20250617045005.0
035 _a(NLR Aleph) 002461037
090 _a2252246
_c2252246
100 _a20040330d1971 |||y0rusy50 ca
101 0 _arus
102 _aRU
105 _ay |||||||||
200 1 _aОптимальные процессы
_eРаботы аспирантов и соискателей
210 _d1971
_aБ. м.
461 0 _1001RU\NLR\INFOCOMM\1000071082
_12001#$aТруды Казанского авиационного института$vВып.135
_92251359
_aКазанский авиационный институт им. А.Н. Туполева
_cКазань
_d1933-1975
_tТруды Казанского авиационного института
_vВып.135
801 1 _aRU
_bInfoComm
_c20040330
801 0 _aRU
_bNLR
_gPSBO
852 _aNLR
_jП10/697
942 _cISSUE
980 _aNB
980 _aRUSPER